As long as the lemon trees Grow (Record no. 233528)

MARC details
000 -LEADER
fixed length control field 01683nam a22002177a 4500
005 - DATE AND TIME OF LATEST TRANSACTION
control field 20260128090606.0
008 - FIXED-LENGTH DATA ELEMENTS--GENERAL INFORMATION
fixed length control field 250107b ||||| |||| 00| 0 eng d
020 ## - INTERNATIONAL STANDARD BOOK NUMBER
International Standard Book Number 9781526648549
040 ## - CATALOGING SOURCE
Transcribing agency AL
041 ## - LANGUAGE CODE
Language code of text/sound track or separate title eng
082 ## - DEWEY DECIMAL CLASSIFICATION NUMBER
Edition number 23
Classification number 823.914
Item number KATA
100 ## - MAIN ENTRY--PERSONAL NAME
Personal name Zoulfa Katouh
100 ## - MAIN ENTRY--PERSONAL NAME
9 (RLIN) 252867
245 ## - TITLE STATEMENT
Title As long as the lemon trees Grow
260 ## - PUBLICATION, DISTRIBUTION, ETC.
Place of publication, distribution, etc. London
Name of publisher, distributor, etc. Bloomsbury
Date of publication, distribution, etc. 2022
300 ## - PHYSICAL DESCRIPTION
Extent vi,458p
Other physical details PB
Dimensions 20x13cm
365 ## - TRADE PRICE
Source of price type code Physics
Price type code XIA4-155580
Price amount 389.94
Currency code
Unit of pricing 402.00
Price note 3%
Price effective from 17-12-2024
520 ## - SUMMARY, ETC.
Summary, etc. Burning with the fires of hope and possibility, AS LONG AS THE LEMON TREES GROW will sweep you up and never let you go. Salama Kassab was a pharmacy student when the cries for freedom broke out in Syria. She still had her parents and her big brother; she still had her home. She was even supposed to be meeting a boy to talk about marriage. Now Salama volunteers at a hospital in Homs, helping the wounded who flood through the doors. She knows that she should be thinking about leaving, but who will help the people of her beloved country if she doesn't? With her heart so conflicted, her mind has conjured a vision to spur her to action. His name is Khawf, and he haunts her nights with hallucinations of everything she has lost. But even with Khawf pressing her to leave, when she crosses paths with Kenan, the boy she was supposed to meet on that fateful day, she starts to doubt her resolve in leaving home at all. Soon, Salama must learn to see the events around her for what they truly are—not a war, but a revolution—and decide how she, too, will cry for Syria’s freedom
650 ## - SUBJECT ADDED ENTRY--TOPICAL TERM
Topical term or geographic name entry element English Fiction
9 (RLIN) 192391
650 ## - SUBJECT ADDED ENTRY--TOPICAL TERM
Topical term or geographic name entry element English Novel
9 (RLIN) 192392
942 ## - ADDED ENTRY ELEMENTS (KOHA)
Source of classification or shelving scheme Dewey Decimal Classification
Koha item type Book
Holdings
Withdrawn status Lost status Source of classification or shelving scheme Damaged status Not for loan Collection code Home library Current library Date acquired Source of acquisition Cost, normal purchase price Total Checkouts Total Renewals Full call number Barcode Date last seen Date last checked out Cost, replacement price Price effective from Koha item type
    Dewey Decimal Classification     Physics St Aloysius Library St Aloysius Library 01/03/2025 amazon.in 389.94 8 3 823.914 KATA 077468 06/29/2026 12/23/2025 402.00 12/17/2024 Book